Ariel ; Liberalismo y Jacobinismo ; Ensayos de Rubén Darío, Bolívar y Montalvo / (Record no. 4377)

MARC details
000 -CABECERA
campo de control de longitud fija 00658nam a2200193 a 4500
005 - FECHA Y HORA DE LA ÚLTIMA TRANSACCIÓN
campo de control 20220531063702.0
008 - ELEMENTOS DE LONGITUD FIJA--INFORMACIÓN GENERAL
campo de control de longitud fija 991125s1972 mx 000 0 spa u
035 ## - NÚMERO DE CONTROL DEL SISTEMA
Número de control de sistema UPN01000004377
049 ## - COLECCIÓN
Colección CG
050 #4 - SIGNATURA TOPOGRÁFICA DE LA BIBLIOTECA DEL CONGRESO
Número de clasificación PQ8510 R6
Número de documento/Ítem A7 1972
100 1# - ASIENTO PRINCIPAL--NOMBRE PERSONAL
Nombre de persona Rodó Piñeyro, José Enrique,
Fechas asociadas al nombre 1872-1917
9 (RLIN) 29608
245 10 - MENCIÓN DE TÍTULO
Título Ariel ; Liberalismo y Jacobinismo ; Ensayos de Rubén Darío, Bolívar y Montalvo /
Mención de responsabilidad, etc. José Enrique Rodó ; estudio prelim., índice bibliog. por Raimundo Lazo.
250 ## - MENCIÓN DE EDICIÓN
Mención de edición 3a ed.
260 ## - PUBLICACIÓN, DISTRIBUCIÓN, ETC.
Lugar de publicación, distribución, etc. México :
Nombre del editor, distribuidor, etc. Porrúa,
Fecha de publicación, distribución, etc. 1972.
300 ## - DESCRIPCIÓN FÍSICA
Extensión xlvi, 255 p.
440 #0 - MENCIÓN DE SERIE/ASIENTO SECUNDARIO--TÍTULO
Título Sepan cuantos ;
Designación de volumen o secuencia 87
650 #7 - ASIENTO SECUNDARIO DE MATERIA - TERMINO TEMATICO
Término de materia o nombre geográfico como elemento de entrada Literatura uruguaya
Fuente del encabezamiento o término
9 (RLIN) 5065
905 ## - TIPO DE MATERIAL
Tipo de material Libro
Holdings
Estado de retiro Estado de pérdida Fuente del sistema de clasificación o colocación Estado dañado No para préstamo Código de colección Localización permanente Ubicación/localización actual Ubicación en estantería Total de préstamos Clasificación Código de barras Fecha visto por última vez Número de copia Tipo de ítem Koha
    Library of Congress Classification     Colección General Bib. Gregorio Torres Quintero Bib. Gregorio Torres Quintero Planta baja 3 PQ8510 R6 A7 1972 14779 31/12/2020 1 Libro
    Library of Congress Classification     Colección General Bib. Gregorio Torres Quintero Bib. Gregorio Torres Quintero Planta baja 5 PQ8510 R6 A7 1972 172760 31/12/2020 1 Libro
    Library of Congress Classification     Colección General Bib. Gregorio Torres Quintero Bib. Gregorio Torres Quintero Planta baja 4 PQ8510 R6 A7 1972 172759 31/12/2020 1 Libro
    Library of Congress Classification     Colección General Bib. Gregorio Torres Quintero Bib. Gregorio Torres Quintero Planta baja 7 PQ8510 R6 A7 1972 14780 31/12/2020 1 Libro